00685nam a2200181 a 450000100100000000500170001000800410002704000250006808200160009311000340010924000180014324500730016126000400023430000270027471000710030195201140037299900170048600003590320200930074715.0111115s2005 dr a 000 0 spa d aDO-SdBNPbspacBNPHU axxxxbR426l1 aRepública Domincana.96190411a[Leyes, etc.]10aLey No. 92-05 :bLey que crea el Colegio Dominicano de Bioanalistas. aSanto Domingo :bCODOBIO,c[2005?]. a21 p. :bil. ;c21 cm.1 aRepública Dominicana.bColegio Dominicano de Bioanalistas961905 0010718PDaPDbPDcHDd2011-11-15iLF1l0oxxxx R426lp35903-10r2020-06-25w2020-06-25yLFPDZNo se presta c35394d35394